Atlas estadístico de Costa Rica

محفوظ في:
التفاصيل البيبلوغرافية
مؤلف مشترك: Costa Rica. Ministerio de Economía, Industria y Comercio. Dirección General de Estadística y Censos
التنسيق: نص
منشور في: San José :
الوسوم: إضافة وسم
لا توجد وسوم, كن أول من يضع وسما على هذه التسجيلة!

MARC

LEADER 00000 a a2200000 04500
001 17443
003
040
090 |a EXTRAVIADO  
110 |a Costa Rica. Ministerio de Economía, Industria y Comercio. Dirección General de Estadística y Censos  
245 |a Atlas estadístico de Costa Rica  
260 |a San José :  
300 |a 114 p.  
999 |c 14450  |d 14450